La insaciable aguja del deseo / (Registro nro. 16925)
[ vista simple ]
| 000 -CABECERA | |
|---|---|
| campo de control de longitud fija | 00699nam a2200217 a 4500 |
| 001 - NÚMERO DE CONTROL | |
| campo de control | 000017400 |
| 005 - FECHA Y HORA DE LA ÚLTIMA TRANSACCIÓN | |
| campo de control | 20240412074247.0 |
| 008 - DATOS DE LONGITUD FIJA--INFORMACIÓN GENERAL | |
| campo de control de longitud fija | 100324s2009 dr 000 j spa d |
| 020 ## - NÚMERO INTERNACIONAL ESTÁNDAR DEL LIBRO | |
| Número Internacional Estándar del Libro | 9789945427714 |
| 040 ## - FUENTE DE LA CATALOGACIÓN | |
| Centro catalogador/agencia de origen | DO-SdBNP |
| Lengua de catalogación | spa |
| Centro/agencia transcriptor | BNPHU |
| 082 ## - NÚMERO DE LA CLASIFICACIÓN DECIMAL DEWEY | |
| Número de clasificación | RD863.44 |
| Número de documento/Ítem | B663i |
| 100 1# - ENTRADA PRINCIPAL--NOMBRE DE PERSONA | |
| Nombre de persona | Bobadilla, José, |
| Fechas asociadas al nombre | 1955- |
| 9 (RLIN) | 11356 |
| 245 13 - MENCIÓN DE TÍTULO | |
| Título | La insaciable aguja del deseo / |
| Mención de responsabilidad, etc. | José Bobadilla. |
| 260 ## - PUBLICACIÓN, DISTRIBUCIÓN, ETC. | |
| Lugar de publicación, distribución, etc. | Santo Domingo : |
| Nombre del editor, distribuidor, etc. | Nacional, |
| Fecha de publicación, distribución, etc. | 2009. |
| 300 ## - DESCRIPCIÓN FÍSICA | |
| Extensión | 171 p. ; |
| Dimensiones | 23 cm. |
| 586 ## - NOTA DE PREMIOS | |
| Nota de premios | Premio Nacional de Cuento José Ramón López, 2007 |
| 590 ## - NOTA LOCAL (RLIN) | |
| Nota local | Inventariado, 2020/MFF |
| 650 #0 - PUNTO DE ACCESO ADICIONAL DE MATERIA--TÉRMINO DE MATERIA | |
| Término de materia o nombre geográfico como elemento de entrada | Cuentos dominicanos |
| 9 (RLIN) | 176 |
| 650 #0 - PUNTO DE ACCESO ADICIONAL DE MATERIA--TÉRMINO DE MATERIA | |
| Término de materia o nombre geográfico como elemento de entrada | Literatura dominicana. |
| 9 (RLIN) | 67 |
| 910 ## - DATOS DE OPCIÓN DEL USUARIO (OCLC) | |
| Datos de opción del usuario | Validado. Control de calidad MMOLINA |
| Estado de retiro | Estado de pérdida | Restricciones de uso | No para préstamo | Código de colección | Localización permanente | Ubicación/localización actual | Ubicación en estantería | Fecha de adquisición | Número de inventario | Total de préstamos | Signatura topográfica completa | Código de barras | Fecha visto por última vez | Número de copia | Precio válido a partir de | Tipo de ítem Koha |
|---|---|---|---|---|---|---|---|---|---|---|---|---|---|---|---|---|
| Dominicana de Servicio | General | General | Depósito | 24.03.2010 | LF1 | RD863.44 B663i | 17400-30 | 25.06.2020 | e.3 | 25.06.2020 | Libro y Folleto Colección Dominicana de Servicio | |||||
| Dominicana de Servicio | General | General | Depósito | 28.04.2011 | LF1 | RD863.44 B663i | 17400-40 | 25.06.2020 | e.4 | 25.06.2020 | Libro y Folleto Colección Dominicana de Servicio | |||||
| Dominicana de Servicio | General | General | Depósito | 28.04.2011 | LF1 | RD863.44 B663i | 17400-50 | 25.06.2020 | e.5 | 25.06.2020 | Libro y Folleto Colección Dominicana de Servicio | |||||
| Excluido de préstamo | Patrimonio Dominicano | Patrimonio Dominicano | Patrimonio Dominicano | Depósito | 24.03.2010 | LF1 | RD863.44 B663i | 17400-10 | 25.06.2020 | 25.06.2020 | Libro y Folleto Colección Patrimonio Dominicano | |||||
| Excluido de préstamo | Patrimonio Dominicano | Patrimonio Dominicano | Patrimonio Dominicano | Depósito | 24.03.2010 | LF1 | RD863.44 B663i | 17400-20 | 25.06.2020 | e.2 | 25.06.2020 | Libro y Folleto Colección Patrimonio Dominicano |
